00597nam a2200193Ia 4500003000900000008004100009040001300050040001300063041000800076100002000084245004400104250001000148260000900158300000800167490000600175942000700181999001700188952019800205IT-RoPAU120407s9999 xx 000 0 und d aIT-RoPAU cIT-RoPAU aita aAntonio Rosmini aNuovo saggio sull’origine delle idee aRoma  c1943 c cm v1 cBK c13839d13839 00102ddc406195_00000000000000071aPAULUSbPAULUSd2012-04-11l0o195.0r2012-04-11 00:00:00w2012-04-11yBKzInserito da: Mario In data: 02 settembre 2011 fondo: Via A.Severo 56 Progr:27546